Hospodársky denník priemysel, obchod, financie, pôdohospodárstvo, vnútorná politika, zahraničie, občiansky život, kultúra, šport, poradenstvo

Salvato in:
Dettagli Bibliografici
Natura: Periodico
Lingua:slovacco
Pubblicazione: Bratislava THEBEN
Tags: Aggiungi Tag
Nessun Tag, puoi essere il primo ad aggiungerne!!

MARC

LEADER 00000nas1a2200000 4500
001 s121031
005 20251031121231.1
022 |a 1335-4124 
041 0 |a slo 
044 |a SK 
245 1 0 |a Hospodársky denník  |b priemysel, obchod, financie, pôdohospodárstvo, vnútorná politika, zahraničie, občiansky život, kultúra, šport, poradenstvo 
264 1 |a Bratislava  |b THEBEN 
500 |a Denník vychádzal do 29.1.2004